• 首页
  • 本馆介绍
  • 公告通知
  • 最新文献
  • 馆藏检索
  • 电子资源
  • 读者导购
  • 参考咨询
  • 我的图书馆
  • 登录
  • 详细信息显示
  • 放入我的书架
  • 预约/预借图书
  • 作者相关作品
  • 分类相关作品
  • 丛书相关作品
  • 出版社相关作品

书目信息

  • 表格格式
  • 工作单格式
  • 卡片格式
题名:
中国养老产业投资的商业模式研究
    
 
作者: 孙智慧 著
分册:  
出版信息: 成都   电子科技大学出版社  2020
页数: 201页
开本: 25cm
丛书名:
单 册:
中图分类: F726.99
科图分类:
主题词: 养老--yang lao--服务业--投资--商业模式--研究--中国
电子资源:
ISBN: 978-7-5647-8284-9
000 00997nam0 2200241 450
001 2151097502
005 20211018173724.0
010    @a978-7-5647-8284-9@dCNY52.00
100    @a20210413d2020 em y0chiy50 ea
101 0  @achi
102    @aCN@b510000
105    @ay z 000yy
106    @ar
200 1  @a中国养老产业投资的商业模式研究@Azhong guo yang lao chan ye tou zi de shang ye mo shi yan jiu@f孙智慧著
210    @a成都@c电子科技大学出版社@d2020
215    @a201页@d25cm
300    @a福建省中青年教师教育科研项目资助
330    @a本书以养老产业投资为研究重点,对中国养老产业发展现状与外部环境进行了分析;通过借鉴发达国家养老产业发展模式及经验,对中国养老产业市场、中国养老产业发展模式、中国养老产业投资的商业模式构建等方面进行了分析和研究;最后对中国养老金融的基本模式及趋势进行了研究。
606 0  @a养老@Ayang lao@x服务业@x投资@x商业模式@x研究@y中国
690    @aF726.99@v5
701  0 @a孙智慧@Asun zhi hui@4著
801  0 @aCN@b百万庄@c20211016
905    @b1309636-39@dF726.99@e118@f4
    
    中国养老产业投资的商业模式研究/孙智慧著.-成都:电子科技大学出版社,2020
    201页;25cm
    福建省中青年教师教育科研项目资助
    
    ISBN 978-7-5647-8284-9:CNY52.00
    本书以养老产业投资为研究重点,对中国养老产业发展现状与外部环境进行了分析;通过借鉴发达国家养老产业发展模式及经验,对中国养老产业市场、中国养老产业发展模式、中国养老产业投资的商业模式构建等方面进行了分析和研究;最后对中国养老金融的基本模式及趋势进行了研究。
●
相关链接 在E读中查询图书 在五车中查询图书 在当当中查询图书 在豆瓣中查询图书


正题名:中国养老产业投资的商业模式研究     索取号:F726.99/118         预约/预借

序号 登录号 条形码 馆藏地/架位号 状态 备注
1 1309636   213096362   第一样本阅览室/ [索取号:F726.99/118] 在馆    
2 1309637   213096371   第一借阅区/ [索取号:F726.99/118] 在馆    
3 1309638   213096380   第一借阅区/ [索取号:F726.99/118] 在馆    
4 1309639   213096399   第一借阅区/ [索取号:F726.99/118] 在馆    
唐山师范学院图书馆 欢迎您!
大连网信软件有限公司© 版权所有